Statistiques concernant Joueurs de l'équipe de France de football a avoir plus de 60 sélection

Cliquez ici pour prendre le quiz!

Statistiques générales

  • Ce quiz a été pris 235 fois
  • Le résultat moyen est 23 sur 36

Statistiques - réponses

Nombre de séletionsJoueur% Correct
102Antoine Griezmann
97%
138Hugo Lloris
97%
108Zinédine Zidane
97%
110Olivier Giroud
93%
123Thierry Henry
93%
94Karim Benzema
90%
142Lilian Thuram
90%
83Raphaël Varane
90%
103Didier Deschamps
88%
87Fabien Barthez
88%
89Paul pogba
87%
72Michel Platini
85%
97Laurent Blanc
84%
116Marcel Desailly
82%
97Bixente Lizarazu
79%
71David Trezeguet
76%
81Franck Ribéry
75%
107Patrick Vieira
70%
63Emmanuel Petit
69%
81Patrice Evra
65%
84Blaise Matuidi
64%
79Robert Pirès
55%
82Youri Djorkaeff
55%
71Claude Makélélé
54%
65Bacary Sagna
47%
92Sylvain Wiltord
42%
69Nicolas Anelka
40%
84William Gallas
39%
65Marius Trésor
38%
80Florent Malouda
37%
67Eric Abidal
35%
71Moussa Sissoko
34%
60Luis Fernandez
25%
82Manuel Amoros
24%
76Maxime Bossis
14%
63Roger Marche
6%

Distribution des résultats

Percentile par nombre de réponses

% des personnes avec chaque résultat

Votre développement - résultats

Vous n’avez pas pris ce quiz